Grandparents to the rescue : raising grandchildren in the opioid crisis and beyond : hearing before the Special Committee on Aging, United States Senate, One Hundred Fifteenth Congress, first session, Washington, DC, March 21, 2017.

Bibliographic Details
Corporate Author: United States. Congress. Senate. Special Committee on Aging (Author)
Format: Government Document eBook
Language:English
Published: Washington : U.S. Government Publishing Office, 2018.
Series:S. hrg. ; 115-362
Subjects:
Online Access:https://purl.fdlp.gov/GPO/gpo111367

MARC

Tag First Indicator Second Indicator Subfields
LEADER 00000cam a2200000 i 4500
001 in00004020521
005 20190506085559.0
006 m o d f
007 cr bn||||a||||
008 181108s2018 dcu ob f000 0 eng c
035 |a (OCoLC)on1062351244 
042 |a pcc 
043 |a n-us--- 
040 |a GPO  |b eng  |e rda  |e pn  |c GPO  |d MERUC  |d OCLCF  |d WTU  |d OCLCO  |d GPO  |d MvI 
049 |a WWW 
050 4 |a KF26.5  |b .A3 2017d 
074 |a 1009-D-01 (online) 
086 0 |a Y 4.AG 4:S.HRG.115-362 
088 |a Serial no. 115-2 (United States. Congress. Senate. Special Committee on Aging) 
110 1 |a United States.  |b Congress.  |b Senate.  |b Special Committee on Aging,  |e author. 
245 1 0 |a Grandparents to the rescue :  |b raising grandchildren in the opioid crisis and beyond : hearing before the Special Committee on Aging, United States Senate, One Hundred Fifteenth Congress, first session, Washington, DC, March 21, 2017. 
246 3 0 |a Raising grandchildren in the opioid crisis and beyond 
264 1 |a Washington :  |b U.S. Government Publishing Office,  |c 2018. 
300 |a 1 online resource (iii, 61 pages). 
336 |a text  |b txt  |2 rdacontent 
337 |a computer  |b c  |2 rdamedia 
338 |a online resource  |b cr  |2 rdacarrier 
490 1 |a S. hrg. ;  |v 115-362 
588 |a Description based on online resource; title from PDF title screen (govinfo web site, viewed on Nov. 8, 2018). 
504 |a Includes bibliographical references. 
500 |a "Serial no. 115-2." 
650 0 |a Grandparents as parents  |x Health aspects  |z United States. 
650 0 |a Grandparents as parents  |x Services for  |z United States. 
650 0 |a Grandparent and child  |z United States. 
650 0 |a Children of drug addicts  |x Care  |z United States. 
650 0 |a Grandparenting  |z United States. 
650 0 |a Opioid abuse  |x Social aspects  |z United States. 
650 0 |a Opioid abuse  |z United States  |x Prevention  |x Government policy. 
650 7 |a Grandparent and child.  |2 fast  |0 (OCoLC)fst00946360 
650 7 |a Grandparenting.  |2 fast  |0 (OCoLC)fst00946366 
650 7 |a Grandparents as parents  |x Services for.  |2 fast  |0 (OCoLC)fst00946385 
651 7 |a United States.  |2 fast  |0 (OCoLC)fst01204155 
655 7 |a Legislative hearings.  |2 fast  |0 (OCoLC)fst01910825 
655 7 |a Legislative hearings.  |2 lcgft 
776 0 8 |i Print version:  |a United States. Congress. Senate. Special Committee on Aging.  |t Grandparents to the rescue  |w (OCoLC)1061150729 
776 0 8 |i Microfiche version:  |a United States. Congress. Senate. Special Committee on Aging.  |t Grandparents to the rescue  |w (OCoLC)1090144552 
810 1 |a United States.  |b Congress.  |b Senate.  |t S. hrg. ;  |v 115-362. 
856 4 0 |u https://purl.fdlp.gov/GPO/gpo111367  |t 0 
999 f f |s 6cdb7aca-abd4-3336-a3f3-b712fa63ad3d  |i be2c1b62-b4f8-3ff5-8e7f-28f536eb17fc  |t 0 
952 f f |a Texas A&M University  |b College Station  |c Electronic Resources  |d Available Online  |t 0  |e Y 4.AG 4:S.HRG.115-362  |h Superintendent of Documents classification 
998 f f |a Y 4.AG 4:S.HRG.115-362  |t 0  |l Available Online